00818 2200301 4500001002100000005001500021035002000036007000300056040001700059100003800076245002800114250001300142300003500155041000800190082001000198084001600208090002000224264004500244336002100289337003000310338002300340650001700363850001000380008004100390700002800431700003500459990002200494INLIS00000000000539620260513083619 a0010-0222000486ta aSBPUPADbInd0 aHamid Ahmad Ath-ThahirePengarang1 aFiqih Sunnah Untuk Anak a.-Cet. 2 a192 hal. :billus. ;c21x14 cm aInd a297.4 a297.4 HAM f a297.4 JAN b 4-1 a.--Bandung :bIrsyad Baitus Salam,c2006 2rdacontentaTeks 2rdamediaaTanpa Perantara 2rdacarrieraVolume 4aFiqih Sunnah aPUPAD260513 0  aNashirul HaqePengarang aSumbodo & Eni OesanePengarang a4016/B/ARPUS/2008